Logo BPK

Biblioteka

Politechniki Koszalińskiej

GRAF system graficznej konstrukcji i analizy sieci Petriego / (Rekord nr 6777)

Szczegóły MARC
000 -ETYKIETA REKORDU
podpole kontrolne o stałej długości 01022nam a2200289 i 4500
001 - NUMER KONTROLNY REKORDU
pole kontrolne bg
020 ## - MIĘDZYNARODOWY ZNORMALIZOWANY NUMER KSIĄŻKI - ISBN
ISBN 8371012101
040 ## - ŹRÓDŁO KATALOGOWANIA
Instytucja, która utworzyła rekord BPK
041 0# - KOD JĘZYKA
Kod języka tekstu pl
080 ## - UNIWERSALNA KLASYFIKACJA DZIESIĘTNA - UKD
UKD 519.71:681.322.06:681.324
920 ## - Międzynarodowy znormalizowany numer książki – ISBN
ISBN 83-7101-210-1
008 - POLE O STAŁEJ DŁUGOŚCI - DANE KONTROLNE
podpole kontrolne o stałej długości s pl f |000 0 pol
100 1# - NAZWA OSOBOWA
Nazwa osobowa SURAJ, Zbigniew
245 10 - TYTUŁ/ODPOWIEDZIALNOŚĆ
Tytuł GRAF system graficznej konstrukcji i analizy sieci Petriego /
Pozostałe elementy strefy tytułu i oznaczenia odpowiedzialności Zbigniew Suraj, Bogumił Komarek.
260 ## - STREFA ADRESU WYDAWNICZEGO
Miejsce wydania Warszawa :
Nazwa wydawcy/dystrybutora Akademicka Oficyna Wydawnicza PLJ,
Data publikacji, dystrybucji/powstania dokumentu 1994.
300 ## - STREFA OPISU FIZYCZNEGO
Objętość 190 s. :
Inne cechy fizyczne rys. ;
Rozmiary 24 cm +
Dokument towarzyszący dyskietka.
490 1# - STREFA SERII I DOKUMENTU WIELOCZĘŚCIOWEGO - FORMA NIE DO WYSZUKIWANIA
Tytuł i oznaczenie odpowiedzialności serii Problemy Współczesnej Nauki. Teoria i Zastosowania / ed. serii Leonard Bolc. Informatyka
504 ## - UWAGA DOTYCZĄCA BIBLIOGRAFII
Informacje o bibliografii Bibliogr. s. 178-184.
650 #9 - HASŁO PRZEDMIOTOWE W FORMIE NAZWY OGÓLNEJ LUB JEDNOSTKOWEJ
Nazwa ogólna lub geograficzna Sieci Petriego
650 #9 - HASŁO PRZEDMIOTOWE W FORMIE NAZWY OGÓLNEJ LUB JEDNOSTKOWEJ
Nazwa ogólna lub geograficzna GRAF, |programy komputerowe
650 #9 - HASŁO PRZEDMIOTOWE W FORMIE NAZWY OGÓLNEJ LUB JEDNOSTKOWEJ
Nazwa ogólna lub geograficzna Sieć komputerowa
Określnik ogólny zagadnienia
655 ## - TERMIN INDEKSOWY - OKREŚLENIE RODZAJU/FORMY DOKUMENTU
Określenie rodzaju/formy dokumentu Podręczniki
700 1# - HASŁO DODATKOWE - NAZWA OSOBOWA
Nazwa osobowa KOMAREK, Bogumił
700 1# - HASŁO DODATKOWE - NAZWA OSOBOWA
Nazwa osobowa Bolc, Leonard.
Określenie związku między hasłem a opisywanym materiałem Red.
830 #0 - HASŁO DODATKOWE SERII LUB DOKUMENTU WIELOCZĘŚCIOWEGO - TYTUŁ UJEDNOLICONY
Tytuł ujednolicony Problemy Współczesnej Nauki. Teoria i Zastosowania (ed. serii Leonard Bolc).
Nazwa części/sekcji dzieła Informatyka
856 ## - LOKALIZACJA I DOSTĘP DO ELEKTRONICZNYCH DOKUMENTÓW ZDALNYCH
Link (URL) http://koha.tu.koszalin.pl/cgi-bin/koha/opac-detail.pl?biblionumber=6777
Tekst linku Katalog online BPK
942 ## - DODATKOWE ELEMENTY (KOHA)
Typ dokumentu Książka
Egzemplarze
Wycofany Status egzemplarza Uszkodzony Dostępność Lokalizacja stała Lokalizacja bieżąca Miejsce przechowywania Sygnatura Kod kreskowy Typ dokumentu
      Dostępny Biblioteka Politechniki Koszalińskiej Biblioteka Politechniki Koszalińskiej Wypożyczalnia BG P 48586 02035666 Książka
© 2023 Biblioteka Politechniki Koszalińskiej :: KOHA